000 00432nam a22001817a 4500
003 CEME
005 20210628205748.0
008 210316b xxu||||| |||| 00| 0 eng d
020 _a969-0-00841-2
040 _c.
082 _a891.4393 YOU
100 _aYounas Javed
_976946
245 _aTeaz hawa ka shoar
260 _aLAHORE
_bFEROZE SONS
_c1989
300 _a162P
650 _aURDU ADAB-FICTION
_965375
942 _cBK
_2ddc
999 _c582256
_d582256